000 00371pab a2200157 454500
008 180718b2009 xxu||||| |||| 00| 0 eng d
100 _aMenon, Nivedita
245 _aThinking through the postnation
260 _c2009
300 _ap.70-77.
362 _a7 Mar
650 _aGlobalization
773 _aEconomic and Political Weekly
908 _aN
909 _a81657
999 _c81657
_d81657